000 00324nam a22001337a 4500
022 _a0521204305
082 _a338.06 NAB
100 _aNabseth, L.
245 _aThe diffusion of new industrial processes
260 _aLondon
_bCambridge
_c1974
300 _axvii, 324p.
_bill, 24cm.
500 _aInclude index
942 _cBK
999 _c14028
_d14028